|
|
|
|
| LEADER |
00000cam a2200000Mu 4500 |
| 001 |
EBOOKCENTRAL_on1202471355 |
| 003 |
OCoLC |
| 005 |
20240329122006.0 |
| 006 |
m o d |
| 007 |
cr ||||||||||| |
| 008 |
201031s2020 xx o ||| 0 eng d |
| 040 |
|
|
|a EBLCP
|b eng
|c EBLCP
|d LOA
|d OCLCO
|d OCLCF
|d OCLCO
|d OCLCQ
|d OCLCO
|d OCLCQ
|d OCLCL
|
| 020 |
|
|
|a 9781789253894
|
| 020 |
|
|
|a 1789253896
|
| 029 |
1 |
|
|a AU@
|b 000069468288
|
| 035 |
|
|
|a (OCoLC)1202471355
|
| 050 |
|
4 |
|a GN855.I6
|b .P487 2020
|
| 082 |
0 |
4 |
|a 959.5
|2 23
|
| 049 |
|
|
|a UAMI
|
| 100 |
1 |
|
|a Perequin, Pierre.
|
| 245 |
1 |
0 |
|a Ecology of a Tool
|h [electronic resource] :
|b The Ground Stone Axes of Irian Jaya (Indonesia).
|
| 260 |
|
|
|a Havertown :
|b Oxbow Books, Limited,
|c 2020.
|
| 300 |
|
|
|a 1 online resource (338 p.).
|
| 490 |
1 |
|
|a Archéo Logiques Ser. ;
|v v.8
|
| 500 |
|
|
|a Description based upon print version of record.
|
| 505 |
0 |
|
|a Cover -- Book Title -- Copyright -- Dedication -- Table of Contents -- List of figures -- List of colour plates -- Acknowledgements -- Translator's note -- Abstract -- Foreword to the English edition -- Introduction -- 1. Ground stone blades as means of social and technical reproduction -- A history of Irian Jaya in the global economy -- Raw material determinism -- Axes and adzes -- Variability of hafting forms -- Stone blades, at the heart of social reproduction -- Stone blades as anthropomorphic symbols of therealm of men
|
| 505 |
8 |
|
|a 2. The Yeleme quarries (Kp. Paniai) et the ground stone blades of Central Irian Jaya -- Rocks from the upper Ye-I River -- The Wang-Kob-Me quarry -- The Brahire quarry in Ye-Ineri -- Blocks from the bed of the Ye-I River -- From roughout to axe in Wano country -- The Axe Trail -- Accessing roughouts: the Yamo Dani perspective -- From roughout to axe among the Yamo Dani -- The expansion of the Western Dani andthe acceleration of exchanges -- The Baliem and the realm of adzes -- Axes and adzes, the prestige of stone blades -- Partners and strangers: the limitation ofexchanges
|
| 505 |
8 |
|
|a 3. Material and social techniques of the Dani: black rocks and greenschists -- The black rocks of Gomburu (Kp. Paniai) -- The black rocks of Tagi (Kp. Jayawijaya) -- Black rock axes and sacred objects -- The quarries of Awigobi and greenschist blades -- Ye-yao, the exchange axes -- 4. Adzes of the Eastern Highlands (Kp. Jayawijaya) -- From rock to adze in Langda -- Exploiting rocks from the river -- A production controlled by specialists -- The learning process -- Grinding and hafting -- Exchanges and diffusion -- Stone blade production in the Phu Valley and thewestward expansion of adzes
|
| 505 |
8 |
|
|a The archaeological sites of Koropun -- Yamyhl, Red Digul and the Seashell Trail -- 5. Ormu-Wari and the Lowlands axes -- The Mumugo Valley and schist axes -- Ormu and marriage axes -- Quarrying context in the Cyclops Mountains -- Knapping and pecking -- Grinding and varnishing -- Technical and social production in Ormu -- Village specialization and exchanges -- 6. The ground stone blades of Irian Jaya, a synthesis -- A shared background: the balance betweennatural environment, modes of subsistence andpopulation density -- Rocks and types of sources
|
| 505 |
8 |
|
|a Quarry access and the social context of quarrying -- Quarrying techniques -- Duration of the quarrying events -- From rock to ground stone blade: segmentationof the chaîne opératoire -- Shaping roughouts: raw material determinism -- Manufacture and specialization -- Grinding and grinding stones -- Axes and adzes -- Degree of grinding -- Length of the stone blades -- Handles for felling tools -- Circulation of the blades -- Stone blades for the living -- 7. Postface -- Metal versus stone -- Ceramic techniques and acculturation processes -- Supernatural beings and cannibalistic cuisine
|
| 500 |
|
|
|a Gifting signs.
|
| 590 |
|
|
|a ProQuest Ebook Central
|b Ebook Central Academic Complete
|
| 650 |
|
0 |
|a Stone implements.
|
| 650 |
|
6 |
|a Outils de pierre.
|
| 650 |
|
7 |
|a Stone implements
|2 fast
|
| 700 |
1 |
|
|a Petrequin, Anne-Marie.
|
| 700 |
1 |
|
|a Pelletier-Michaud, Alexandre.
|
| 758 |
|
|
|i has work:
|a Ecology of a tool (Text)
|1 https://id.oclc.org/worldcat/entity/E39PCGbhbMjMxhWTpTBdJq9Dmd
|4 https://id.oclc.org/worldcat/ontology/hasWork
|
| 776 |
0 |
8 |
|i Print version:
|a Perequin, Pierre
|t Ecology of a Tool : The Ground Stone Axes of Irian Jaya (Indonesia)
|d Havertown : Oxbow Books, Limited,c2020
|z 9781789253863
|
| 830 |
|
0 |
|a Archéo Logiques Ser.
|
| 856 |
4 |
0 |
|u https://ebookcentral.uam.elogim.com/lib/uam-ebooks/detail.action?docID=6379572
|z Texto completo
|
| 938 |
|
|
|a ProQuest Ebook Central
|b EBLB
|n EBL6379572
|
| 994 |
|
|
|a 92
|b IZTAP
|